Statistics for Only Country that Borders... #1

Click here to take the quiz!

General Stats

  • This quiz has been taken 126 times
    (121 since last reset)
  • The average score is 10 of 15

Answer Stats

HintCountry% Correct
...Gibraltar.Spain
92%
...the West Bank and GazaIsrael
87%
...France and Brazil.Suriname
86%
...Finland to the north.Norway
84%
...three FIFA World Cup winners and the Alps.Switzerland
83%
...Spain in Africa.Morocco
77%
...all Benelux members in Europe.Germany
73%
...Danube river and the Mediterranean SeaCroatia
69%
...Iran and Iraq.Turkey
69%
...lake Victoria and lake Tanganyika.Tanzania
68%
...Amur river and Baltic Sea.Russia
63%
... three countries that start with E.Sudan
51%
...France at the Caribbean.Netherlands
49%
...7 countries with the unique initial letter.Saudi Arabia
28%
...6 countries of the British Commonwealth.Tanzania
15%

Score Distribution

Percentile by Number Answered

Percent of People with Each Score

Your Score History

You have not taken this quiz since the last reset